000 00595nam a22001937a 4500
999 _c21310
_d21310
003 AR-CdUCM
008 190401b ||||| |||| 00| 0 spa d
040 _aMUNICIPALIDAD PROVINCIAL DEL CUSCO
_cBIBLIOTECA MUNICIPAL DEL CUSCO
082 _aES/869/C14
_bC14
100 _aChahuayo Súcñer, Víctor Manuel
_912634
245 _aWakcha Wawa /
260 _aCusco :
_bIdeagraff,
_c2017.
300 _a190 Páginas. :
_c20 cm.
650 _aLiteratura contemporánea
_9759
650 _aLiteratura infantil
_9588
650 _aLiteratura cusqueña
_944474
942 _2ddc
_cLIBROS
945 _aRoel